| 000 | 00387pab a2200157 454500 | ||
|---|---|---|---|
| 008 | 180718b2004 xxu||||| |||| 00| 0 eng d | ||
| 100 | _aDholakia, Ravindra H. | ||
| 245 | _aIdentification of top performing economies | ||
| 260 | _c2004 | ||
| 300 | _ap.39-53. | ||
| 362 | _aApr-Jun | ||
| 650 | _aEconomic growth | ||
| 700 | _aKumar, Akhilesh S. | ||
| 773 | _aVikalpa | ||
| 909 | _a61547 | ||
| 999 |
_c61547 _d61547 |
||